[Event "Gibraltar Masters 15th"]
[Site "Caleta"]
[Date "2017.02.02"]
[Round "10"]
[White "Sutovsky, Emil"]
[Black "Kovalenko, Igor"]
[Result "1-0"]
[WhiteElo "2628"]
[BlackElo "2684"]
[Annotator "Sutovsky,E"]
[PlyCount "75"]
[EventDate "2017.01.24"]
[EventType "swiss"]
[EventRounds "10"]
[EventCountry "GGB"]
[SourceTitle "CBM 177"]
[Source "ChessBase"]
[SourceDate "2017.03.16"]
[SourceVersion "1"]
[SourceVersionDate "2017.03.16"]
[SourceQuality "1"]

{That was the last round of Gibraltar. The last round - as always is of
critical importance. The whole your performance depends on it. Well, not
always. Sometimes you play so badly, that even the last-round win won't help
much. And they say it is possible to play so well, that even last-round loss
won't spoil it - but I don't remember the feeling :)  Anyways, I was doing
fairly well, but for really good result the win was a must.} 1. e4 e6 2. d4 d5
3. Nc3 Bb4 4. e5 c5 5. a3 Bxc3+ 6. bxc3 Ne7 {I guessed it right. Igor's main
weapon used to be 6...Qa5 7.Bd2 Qa4, and he played it against me last year,
holding a draw. And I was about to start preparing for it, when suddenly
noticed an apparent orphan of a game with the most principled 6...Ne7 line,
played by Igor just a couple of weeks earlier in some rapid event. Only one
game, and it was rapid...But somehow I felt, that one wouldn't study such a
complex line just in order to play it in rapid. Also a tournament situation
dictated this choice, as it was a sort of win-win situation. I mean both of us
needed to win :) Luckily, I managed to guess it correctly and was properly
prepared for the line which was played in the game.} 7. Qg4 cxd4 8. Qxg7 Rg8 9.
Qxh7 Qc7 10. Ne2 Nbc6 11. f4 dxc3 12. h4 {There is no much need to comment on
the opening part - all this had been played many times, and I had tried it
from both sides of the board. The position is very complex, and different
approaches are possible. In this game I decided not to take the pawn on c3,
but rather to use this time for the march of the h-pawn. Of course, this all
has been tried before as well.} Bd7 13. h5 O-O-O 14. Qd3 d4 15. h6 Be8 {
The main line here is 15...Kb8, and it is only the start of the theoretical
battle. It is a truly exciting line, but the player who has done his homework
better is usually the one who is more excited....} 16. Rb1 {A very important
move. The rook is very well positioned here - it also prevents an important ...
Qb6 in some lines.} Nd5 {Still played a tempo, but this one is a mistake.} ({
The only way to generate dangerous counterplay was} 16... f6 $1 17. exf6 Nd5 (
17... Bg6 18. Qc4 Nd5 19. f7) 18. Nxd4 Bg6 {where it looks like Black is
almost winning - and I can easily imagine such a line to be recommended even
in a very good book some 20 years ago. But in fact, it is White who is better,
and White has several attempts (most notably 19.Qc4 and 19.Nb5), after which
Black still has to prove his attack is indeed as strong as it looks. But of
course, it was better than the move made by Igor in the game.}) 17. Nxd4 Nxf4
18. Bxf4 Rxd4 19. Qe3 {The dust has settled and evidently White is in full
control. I have an extra pawn (and what a pawn on h6!), and my king, although
exposed, can't be easily attacked. However, Kovalenko comes up with the most
dangerous idea.} f5 20. Bd3 Ra4 $1 {Now he is ready to play Ne7-d5, after
which all his pieces will join the attack. I spent over 20 minutes and found
the strongest move} 21. Rh3 $1 Qh7 $1 ({Now} 21... Ne7 {is met by} 22. Rg3 Bg6
(22... Rxg3 23. Qxg3 Bg6 24. Rb4 $18) (22... Nd5 23. Rxg8 Nxe3 24. Rxe8+ Kd7
25. Bb5+) 23. Rb4 $1 Nd5 24. Rxg6 $1 Rxg6 25. h7 Qxh7 26. Qc5+ Qc7 27. Qxc7+ {
The computer suggests 27.Qf8 is even stronger} Kxc7 28. Rxa4 {and although
Black is still kicking after 28...Rg2, the endgame is technically won.}) 22.
Rb3 $1 (22. Rg3 Rxf4 $1 23. Rxg8 Qxh6 {was a brilliant idea of Black. White is
still somewhat better after} 24. Qg3 $1 (24. Rxe8+ Kc7 $1 {and Black's attack
guarantees him a draw.}) 24... Nd8 $1 (24... Rh4 25. Rd1 Kc7 {is also possible}
) 25. Rh8 Qxh8 26. Qxf4 Bc6 {but that doesn't look convincing at all.}) 22...
Rxg2 23. Rg3 $2 {This seemed to be the simplest, but in fact, there was a much
more convincing way. I evaluated the ensuing position as clearly better for
White, and I was right, but instead I could play the machine-like} (23. Rxc3
Rg4 24. Bc4 $1 b5 25. Bxe6+ Kb7 26. Qc5 $1 Rgxf4 27. Qxb5+ Kc7 28. Bd5 Qg6 {
even if I have spotted this far, I'd stop here. Really. Meanwhile, White is
totally winning, and there is even more than one way:} 29. Rhg3 (29. Qc5 {
is the second choice of an engine, but probably the more human - Qd6+ is a
deadly threat in many lines. Well, I had over an hour on my clock, and I
probably could have tried to calculate it. Instead, I made the move in the
text which concedes the lion's share of my advantage. But it was a very big
lion!})) 23... Rxf4 $1 {Of course!} 24. Rxg2 Qxh6 25. Rxc3 {I thought it must
be winning. Exchange for a pawn, poorly placed bishop on e8 (mind you, I'd
never opted for this position with his bishop around the d5-square), pinned
rook on f4, and his king is not less vulnerable than mine... However, Igor
once again finds the strongest defence.} Kd8 $1 {And here I realised, that my
position is not winning any longer. It is much better, but one inaccurate move,
and it won't be clear who has an advantage. I felt it was a critical moment
and spent about half an hour on the next move.} 26. Kd1 $1 {Running to a safe
shelter. Of course I saw, that he can liquidate to the endgame, which may not
be so simple, and of course I saw that he can get my pawn on e5 - which
happened in the game. Also I set a beautiful trap, which Igor avoided by
spending his last minutes.} Ke7 $1 (26... Qh1+ 27. Rg1 Qf3+ 28. Be2 Qxe3 29.
Rxe3 {I couldn't know if it is winning. And I still don't know. But it looks
very unpleasant for Black. My rook gets to g7, and you must be a computer to
hold it. And even the engines are not very optimistic here, giving White
around +1.0 advantage.}) (26... Nxe5 {was very tempting, and would resolve all
Black's problems, if not for} 27. Qxe5 $1 Qh1+ 28. Kd2 Qxg2+ 29. Be2 $1 Qd5+
30. Rd3 $1 {and wins.}) 27. Kc1 $1 {This time Black can snatch the pawn, and
there is no direct refutation. But the position opens up, and with the queens
on the board and White's secured king, Black's task seems very difficult.} Nxe5
28. Qc5+ Kf6 29. Kb2 {Home, sweet home!} Bc6 30. Re2 (30. Rg8 {was even
stronger, but I wanted to force the trade of his knight. A practical decision,
especially with your opponent down to his last minute or so.}) 30... Nxd3+ 31.
Rxd3 Kf7 {And here I made the move which leads to a 0.00 evaluation from the
engine, but I am still not convinced. It still seems like a very good move,
even if Black did have some machine way to hold the balance (not a perpetual,
in spite of this 0.00). What's more I calculated the most natural and
dangerous line precisely, and it materialised on the board.} 32. c3 $1 Rf1 {
Of course! What else? It turns out though, that Black could hold with} (32...
Re4 $1 {and now White's every attempt is answered by a series of only moves
preserving the equilibrum. My favourite line is} 33. Red2 Qf6 $1 34. Rd8 Qe7 $1
35. Qg1 Rg4 $1 36. Qh2 Rh4 37. Qe5 Ra4 $1 38. R2d6 Rh4 $1 {although White is
better even here after} 39. a4 $1 {it is just after} a5 {I'd need to find} 40.
Kb1 $3 {no kidding! Black is in zugzwang for some reason (and after 40...Rh1
41.Kc2 Rh4 42.Kb2 White is nearly winning, so he has to play 40...Re4 41.Qh8
Rh4 42.Qg8 Kf6 and pray for the best). Well, this has of course nothing to do
with over-the-board chess. The move made by Kovalenko is the most natural, but
there is a refutation - and playing 32.c3 I foresaw it.}) 33. Rd8 $1 {The only
move, but sufficient.} Be4 (33... Qc1+ 34. Kb3 Qb1+ 35. Rb2 Ba4+ 36. Kxa4 Qxb2
37. Qc7+ Kf6 38. Rf8+ Kg6 39. Rg8+ {ends badly for him.}) 34. Red2 $1 {Parring
his threats and starting a decisive assault on his king.} Rb1+ 35. Ka2 Qh1 (
35... Ra1+ 36. Kxa1 Qh1+ 37. Rd1 $1 {was a tiny but very important line!}) 36.
Rf8+ Kg6 37. Rg8+ {Surprisingly, there is once again THE ONLY WAY to Rome.} Kh7
38. Qe7+ {Black resigned. It was an exciting game to finish a succesful event.
My opponent was outprepared in the opening, but put up a great fight, and it
took a massive effort to clinch the victory. Obviously I enjoyed the game, in
spite of non-ideal play. Hopefully I managed to convey some of the excitement,
and you'll share the feeling.} 1-0

[Event "RUS-ch m3-4"]
[Site "Elista"]
[Date "1997.06.06"]
[Round "6.4"]
[White "Svidler, Peter"]
[Black "Bareev, Evgeny"]
[Result "1-0"]
[WhiteElo "2640"]
[BlackElo "2665"]
[Annotator "Svidler,P"]
[PlyCount "65"]
[EventDate "1997.04.19"]
[EventType "k.o."]
[EventRounds "6"]
[EventCountry "RUS"]
[SourceTitle "CBM 059"]
[Source "ChessBase"]
[SourceDate "1997.08.01"]
[SourceVersion "1"]
[SourceVersionDate "1997.08.01"]
[SourceQuality "1"]

1. e4 e6 2. d4 d5 3. Nc3 Bb4 4. e5 Ne7 5. a3 Bxc3+ 6. bxc3 c5 7. Qg4 O-O 8. Bd3
Nbc6 9. Qh5 Ng6 10. Nf3 Qc7 11. Be3 c4 12. Bxg6 fxg6 13. Qg4 Qf7 14. Ng5 Qe8
15. h4 h6 16. Nh3 b5 $146 (16... Ne7) (16... Qf7) 17. h5 $6 (17. Nf4 Ne7 18.
Qe2 a5 19. g4 {/\ 20.h5 g5 21.Nh3, 22.f4}) 17... gxh5 18. Qe2 a5 19. Nf4 g6 20.
g4 Ne7 $1 21. Ng2 (21. gxh5 g5 $17) 21... Kh7 22. Qd2 Ng8 23. Nf4 $5 (23. gxh5
g5 24. f4 g4 25. Qe2 Ra7 26. Qxg4 Rg7 27. Qh3 Ne7 $15) 23... hxg4 (23... Ra7
24. Ke2 $5 $44 (24. gxh5 g5 25. Ng6 Rf3 $17)) 24. Ke2 $1 g5 (24... Qf7 $142 25.
Rag1 g5 26. Nh5 Qf3+ 27. Ke1) 25. Nh5 Qf7 26. f4 $5 gxf4 (26... gxf3+ $2 27.
Kf2 $40) 27. Bxf4 Qg6 28. Raf1 (28. Rag1 $5) (28. Nf6+ $2 Nxf6 29. Rxh6+ Qxh6
30. Bxh6 Ne4 31. Qe3 Rf3 $19) 28... g3 $6 (28... Rf5 29. Ng3 Rf7 30. Rh4 $40) (
28... Ra7 $5 29. Nf6+ Nxf6 30. Rxh6+ Qxh6 31. Bxh6 Ne4 32. Qe3 Rxf1 33. Kxf1
Rf7+ 34. Bf4 Kg6) 29. Nxg3 Qg4+ 30. Ke1 Ra7 (30... b4 31. Ne2 bxa3 32. Rfg1 a2
33. Rxg4 a1=Q+ 34. Nc1 $18) 31. Ne2 Raf7 $2 (31... Rg7 $142 32. Qe3 (32. Rfg1
Qf3 33. Rxg7+ Kxg7 34. Bxh6+ Kh7) 32... Rg6 33. Rh2 Ne7 34. Rfh1 Nf5 35. Qd2
$36) 32. Qe3 Qg6 $4 (32... Bb7 33. Rfg1 Rxf4 34. Rxg4 Rxg4 35. Qh3 Rg6 36. Qh4
Rg7 37. Nf4 Bc8 $14) 33. Rfg1 (33. Rfg1 Qe4 34. Bxh6 $18) 1-0

[Event "Tata Steel-A 76th"]
[Site "Wijk aan Zee"]
[Date "2014.01.15"]
[Round "4"]
[White "Karjakin, Sergey"]
[Black "Rapport, Richard"]
[Result "1-0"]
[WhiteElo "2759"]
[BlackElo "2691"]
[Annotator "Szabo,Kr"]
[PlyCount "87"]
[EventDate "2014.01.11"]
[EventType "tourn"]
[EventRounds "11"]
[EventCountry "NED"]
[EventCategory "20"]
[SourceTitle "CBM 159"]
[Source "ChessBase"]
[SourceDate "2014.03.17"]
[SourceVersion "1"]
[SourceVersionDate "2014.03.17"]
[SourceQuality "1"]

1. e4 e6 2. d4 d5 3. Nc3 Bb4 4. e5 c5 5. a3 Bxc3+ 6. bxc3 Qc7 7. Qg4 f6 {
A rare, but ambitious move.} (7... f5 {is the main line,}) ({or} 7... Ne7 {
and Black transposes to the sharp 6...Ne7 line,} 8. Qxg7 Rg8 9. Qxh7 cxd4 10.
Ne2 {ect.}) 8. Nf3 (8. Bb5+ {is the alternative line, we can see two great
attacking plays with White,} Kf8 9. Nf3 $1 Qa5 $1 (9... c4 $2 10. a4 $1 a6 11.
Ba3+ Ne7 12. Be8 $3 $18 {A very smart move! The B goes to the e8-h5 diagonal.}
Qd8 13. Bh5 $1 Nbc6 14. exf6 gxf6 15. Ng5 $1 {Another strong tactical strike.}
Qa5 16. O-O f5 17. Qh4 {and Black resigned, 1-0 Sutovsky-Dyachkov, Moscow 2007.
A wonderful victory by Sutovsky!}) 10. Rb1 a6 11. Be2 Qxc3+ 12. Bd2 Qxc2 13.
Rc1 Qe4 (13... Qg6 $5 {was tougher.}) 14. Qg3 Nd7 $2 (14... Nc6 15. exf6 gxf6
16. Rxc5 $40 {and Black's position is very dangerous.}) 15. exf6 gxf6 16. Qd6+
Ne7 17. O-O $1 $18 {and White is winning, Vitiugov-Dyachkov, Russia 2008.})
8... c4 {Black closes the position. This is very typical in the French,
because White has two Bs and Black tries to restrict them. On the other hand,
the tension is going out from the centre, White gets a free hand on the
kingside and sometimes he can play for a4, Ba3.} ({Of course} 8... cxd4 $2 9.
cxd4 Qc3+ 10. Kd1 Qxa1 $2 {does not work, because of} 11. Qxg7 $18) 9. h4 {
This is also a good idea, but this move is premature. It is great for White to
bring the pawn to h6, but first he should have been more solid in the centre.}
(9. Be2 {was more exact,} Nc6 10. Qg3 fxe5 11. Nxe5 {and Be2 is more useful
than h4.}) 9... Nc6 {The most natural reply. Black immediately attacks the
centre.} 10. Qg3 fxe5 $1 {The right move. Black doesn't want to waste his time,
because if White manages to consolidate his centre, Black's position could
become very bad.} 11. Nxe5 ({The engine also suggests} 11. dxe5 {, but} Nh6 12.
Bxh6 gxh6 13. Be2 Bd7 14. O-O O-O-O $13 {is a double-edged fight.}) 11... Nf6
12. Bf4 $6 (12. Nxc6 Qxg3 13. fxg3 bxc6 14. Bf4 {White has a small advantage,
he has the pair of Bs and strong pressure on the dark squares. However his
pawn structure is full of weaknesses.}) 12... Qa5 $6 (12... Nh5 {was the
tempting alternative.} 13. Nxc6 Qxc6 $1 (13... Nxg3 14. Bxc7 Nxh1 15. Ne5 O-O
16. Nf3 {and the h1 N is trapped.}) 14. Qg5 Nxf4 15. Qxf4 Qa4 (15... Rf8) 16.
Kd2 Rf8 17. Qe3 Bd7 $13 {with an unclear position.}) 13. Nxc6 bxc6 14. Bc7 $1 {
Probably Rapport missed this reply. Suddenly White is very active on the dark
squares.} Qa4 15. Kd1 ({The greedy} 15. Qxg7 $1 {was the best answer,} Rf8 16.
Be2 Qxc2 17. Rh3 Qb2 18. Rd1 Qxa3 {otherwise Bd6 was strong,} 19. Qh6 Qe7 20.
Be5 {and White is much better.}) 15... O-O 16. f3 {A logical move, but White
allows Black's strong reply.} (16. Be5 {would have been more careful followed
by f3.}) 16... e5 $1 {A great move by Rapport! Of course the e6 P is not
important and the c8 B suddenly becomes very powerful from f5.} 17. Bxe5 Bf5
18. Ra2 Rf7 {Black protects the g7 P and he prepares for Rb7.} 19. Be2 Nd7 20.
Re1 Re8 21. f4 {White has to protect the e5 B, but now the e4 square became
very weak.} Nf6 ({The computer suggests} 21... Nxe5 22. fxe5 c5 {and Black has
excellent compensation!}) 22. Bf3 Ne4 23. Bxe4 Bxe4 {Both sides have a great B
in the centre. White's position is more comfortable, because he is a P up and
has a flexible P structure on the kingside.} 24. h5 (24. f5 $5 {was also
strong, for example} Bxf5 25. Bxg7 $1 Rxe1+ 26. Kxe1 Rxg7 $2 27. Qb8+ Kf7 28.
Rb2 Bd7 29. Rb7 $18 {and White has a decisive attack!}) 24... h6 (24... c5 $5 {
was an interesting alternative to create some counterplay in the centre.}) 25.
Kd2 {White prepares for Rb1, which is the most important file in the game.} Qb5
{Of course, Black wants to take control over the b-file.} 26. a4 Qb7 27. a5 a6
28. Qg4 {/\ Qd1-Qb1, Rb2} Qa7 $2 {Black gives up the b-file without a fight.} (
28... c5 {gave more practical chances} 29. dxc5 Qb5) 29. Rb2 Bf5 30. Qg3 Qe7 {
/\ Qa3} 31. Rb6 (31. Bd6 {looks quicker} Qxe1+ 32. Qxe1 Rxe1 33. Kxe1 {Rooks
plus opposite coloured bishops are not drawish at all in the endame.}) 31...
Rc8 32. Reb1 Qa3 33. Rb7 $6 {This is not a bad move, but there was a stronger
one.} (33. R1b4 $1 {would be better avoiding Qa4. Now White is already
threatening with Rb7.} Qa2 34. Rb2 Qa4 35. R6b4 $1 Qxa5 36. Rb7 $18 {and White
is winning.}) 33... Qa4 {The only chance, but Black's position is already bad.}
34. R1b2 $1 {Karjakin isn't afraid of the dangerous-looking Qxc2.} Rxb7 35.
Rxb7 Qxc2+ 36. Ke1 Qc1+ 37. Kf2 Qd2+ 38. Kf1 $1 $18 {The winning move.} ({
In the event of} 38. Kg1 Qd1+ 39. Kh2 Qxh5+ {and the white K can't hide.})
38... Qd3+ ({After} 38... Bd3+ 39. Kg1 Qd1+ 40. Kh2 Qxh5+ 41. Qh3 $18) ({or} 
38... Qd1+ 39. Qe1 Qxh5 40. Kg1 {leads to a winning position for White.}) 39.
Qxd3 cxd3 40. g4 Be4 41. f5 c5 42. Rxg7+ Kf8 43. f6 Rc6 44. Ke1 $1 {This was a
very serious battle!} 1-0

[Event "FIDE World Cup"]
[Site "Baku"]
[Date "2015.09.11"]
[Round "1.1"]
[White "Leko, Peter"]
[Black "Goganov, Aleksey"]
[Result "1-0"]
[WhiteElo "2707"]
[BlackElo "2603"]
[Annotator "Szabo,Kr"]
[PlyCount "63"]
[EventDate "2015.09.11"]
[EventType "k.o."]
[EventRounds "7"]
[EventCountry "AZE"]
[SourceTitle "CBM 169"]
[Source "ChessBase"]
[SourceDate "2015.11.10"]
[SourceVersion "1"]
[SourceVersionDate "2015.11.10"]
[SourceQuality "1"]

1. e4 e6 2. d4 d5 3. Nc3 Bb4 4. e5 c5 5. a3 Bxc3+ 6. bxc3 Ne7 7. h4 Qc7 (7...
Nbc6 {is also common.}) 8. h5 h6 9. Rb1 $5 $146 {An interesting novelty by
Leko. The R is very useful on b1: it controls the b-file and avoids being
caught by the unpleasant check on c3.} (9. Nf3 {is the main line, for example}
Bd7 10. Rh4 cxd4 11. cxd4 Ba4 12. Bd2 Nbc6 13. Rg4 Nf5 14. Bd3 O-O-O 15. Qb1
Kb8 16. Qb2 Rdg8 17. Rc1 g6 18. c4 $1 $16 {Naiditsch-Apicella, Haguenau 2013,
and White is better.}) 9... Nbc6 (9... O-O {is also natural.}) 10. Qg4 Nf5 11.
Bd3 cxd4 $6 ({The solid} 11... O-O $5 {was more accurate} 12. Ne2 b6 $13 {
and although White's position looks more powerful, still this is an unclear
middlegame.}) 12. cxd4 Ncxd4 13. Bb2 $1 {White has sacrificed a P, but the
position is opened a little bit and Black's pieces are uncoordinated.} Qa5+ ({
In case of} 13... Nxc2+ 14. Kd2 $1 Qc5 15. Bxc2 Qxf2+ 16. Ne2 Qe3+ 17. Ke1 $16
{and White is better.}) 14. Kf1 $1 Qc5 (14... Qb6 {could have been met by} 15.
c4 $1 {White protected the b1-R, so now he is threatening Bxd4.} Qc5 ({or} 
15... Nc6 16. Bxf5 exf5 17. Qxg7 $16) (15... O-O 16. Rh3 $1 $16) 16. Bxd4 Nxd4
17. Qxg7 $16 {and Black is in trouble.}) 15. Bxd4 $1 Nxd4 16. Qxg7 Qf8 17. Qf6
Rg8 (17... Nc6 18. Nf3 Rg8 19. Rh4 {transposes to the game.}) 18. Rh4 $1 {
Leko activates his other R too...} Nc6 19. Nf3 b6 20. Rf4 $1 {... and suddenly
that R becomes one of the strongest pieces.} Bd7 21. Re1 Ne7 ({After} 21... Qg7
22. Qxg7 Rxg7 23. Rf6 $16 {is similar to the text move.}) 22. Nd4 Qg7 ({
In the event of} 22... Rc8 23. Re3 $1 $18 {and Black's position is hopeless.})
23. g3 Qxf6 24. Rxf6 Rh8 25. Re3 $1 {White is threatening Ref3.} Ng8 26. Rf4
Ke7 27. Ref3 Be8 28. Rg4 Rc8 29. Rg7 Rc3 30. Rf4 Kd8 31. Nxe6+ $1 {The final
tactical blow!} Kc8 (31... fxe6 32. Rf8 $18 {followed by Bb5.}) 32. Nd4 {
A great victory by Leko!} 1-0